Statistics for Glycolysis

Click here to take the quiz!

General Stats

  • This quiz has been taken 20 times
  • The average score is 11 of 42

Answer Stats

HintAnswer% Correct
SubstratesGlucose
67%
Pyruvate
67%
Glucose-6-phosphate
50%
Glyceraldehyde 3-phosphate
50%
2-Phosphoglycerate
33%
3-Phosphoglycerate
33%
Boys
33%
Enolase
33%
Fructose-6-phosphate
33%
Get
33%
Substrate MnemonicGirls
33%
Girls
33%
EnzymesHexokinase
33%
Enzymes MnemonicHungry
33%
Phosphoenolpyruvate
33%
Phosphofructokinase-1
33%
Pizza
33%
Pizza
33%
Prefer
33%
1,3-Bisphosphoglycerate
17%
Aldolase
17%
Dihydroxyacetone phosphate
17%
Dine
17%
Eat
17%
Fine
17%
Food
17%
Fructose-1,6-bisphosphate
17%
Gentlemen
17%
Glyceraldehyde 3-phosphate dehydrogenase
17%
Growling
17%
Pan
17%
Pan
17%
Pepperoni
17%
Peter
17%
Peter
17%
Phosphoglycerate Kinase
17%
Phosphoglycerate Mutase
17%
Phosphohexose Isomerase
17%
Pies
17%
Pyruvate Kinase
17%
And
0%
The
0%

Score Distribution

Percentile by Number Answered

Percent of People with Each Score

Your Score History

You have not taken this quiz